Statistics for Guess the Taylor Swift Song (no hints 7

Click here to take the quiz!

General Stats

  • This quiz has been taken 314 times
  • The average score is 271 of 345

Answer Stats

Answer% Correct
I
100%
a
98%
the
98%
you
97%
"You
97%
And
94%
and
94%
in
93%
love
93%
is
91%
your
91%
my
90%
me
89%
that
89%
to
89%
He
87%
he
87%
so
87%
So
87%
I'm
86%
It's
86%
it's
86%
are
84%
of
83%
when
83%
a.m.
80%
But
80%
2
79%
all
79%
for
79%
loved
79%
that's
79%
like
78%
were
78%
You're
78%
way
77%
hear,
76%
could
75%
not
75%
knew
74%
up
74%
at
73%
Never
73%
never
73%
his
72%
name
72%
rain
72%
can't
71%
cursing
71%
feel
71%
insane
71%
look
71%
says,
71%
says
71%
screaming
71%
act
70%
down
69%
friends
69%
kissing
69%
see
69%
with
69%
fighting
68%
miss
68%
oh,
68%
oh
68%
Oh
68%
beautiful
67%
car
67%
get
67%
Just
67%
fine
66%
tonight"
66%
by
65%
'Cause
65%
couldn't
65%
into
65%
He's
64%
jealous
64%
kind
64%
need
64%
perfectly
64%
anything
63%
door
63%
everything
63%
much
63%
roller
63%
single
63%
coaster
62%
coming
62%
will
62%
better
61%
ask
60%
breaking
60%
Breaking
60%
father
60%
incredible
60%
opens
60%
sensible
60%
Talks
60%
mother
59%
undone
58%
makes
57%
now
57%
business
56%
feeling
56%
heart's
56%
rush
56%
wait
56%
charming
55%
smile
55%
calls
54%
some
54%
respects
53%
close
52%
comfortable
52%
crazy
52%
exactly
52%
faking
52%
space
52%
endearing
51%
Got
51%
wild
51%
intoxicating,
49%
away
48%
frustrating,
48%
mistake
47%
complicated
43%
Whoa
37%
whoa
37%

Score Distribution

Percentile by Number Answered

Percent of People with Each Score

Your Score History

You have not taken this quiz